| 000 | 00992nam a22002657a 4500 | ||
|---|---|---|---|
| 005 | 20170823160519.0 | ||
| 010 | _a1516EN07 ENG-114666 | ||
| 020 |
_a9781784751906 _c399.00 |
||
| 035 | _aEN-98198 | ||
| 035 | _aB-602149-165 | ||
| 035 | _aB-667732 | ||
| 037 |
_adpl _bKKP/Ven |
||
| 037 | _bDBAD/PUB | ||
| 082 | _aN | ||
| 100 | _aPatterson, James | ||
| 245 |
_aFourteenth (14th) deadly sin / _cby James Patterson [and] Maxine Paetro |
||
| 246 | _aFourteenth deadly sin | ||
| 260 |
_aLondon _bArrow Books _c2015 |
||
| 270 |
_aRandom House, 20 Vauxhall Bridge Road _bLondon _eSWIV 25A |
||
| 300 |
_a462p. _c21cm(pbk) |
||
| 700 | _aPaetro, Maxine | ||
| 942 |
_2ddc _cEN _mPAT _hN |
||
| 999 |
_c96216 _d96216 |
||